000 00841nac a22002537a 4500
001 BR8304355
003 BR-BrBNA
005 20240105115817.0
008 230509b bl.|||m| |||| 00| 0 por d
040 _aBR-BrBNA
_bpor
_cBiblioteca Nacional de Agricultura
072 _aE70
090 _aE70 BR8304355
110 1 _aInstituto Brasileiro de Economia, Rio de Janeiro, RJ. Centro de Estudos Agricolas
_95764
245 1 _aPrecos pagos pelos agricultores. Medias anuais 1981/1982. Medias mensais 1982 [Brasil]
260 3 _aRio de Janeiro, RJ (Brasil):
_c1983.
300 _a127 p.
490 _aPrecos Pagos pelos Agricultores (Brazil)
_v
_x
500 _aNumerical data
650 _aPRODUTO AGRICOLA
650 _aPRECO PAGO
650 _aESTATISTICA
909 _a202312
_bLúcia Elande
_c55
_dLúcia Elande
942 _2AGRIS
_n0
_cMS
999 _c276504
_d276504